000 00599nam a2200193 a 4500
005 20230329063659.0
008 161025s2007 mx r 000 0 spa d
020 _a9709833499
035 _aUPN01000214180
049 _aF
050 4 _aP120 S4.8
_bD5.3
245 0 0 _a10 criterios básicos para eliminar el lenguaje sexista en la administración pública federal.
260 _aMéxico :
_bCONAPRED,
_cc2007.
300 _a23 p.
440 0 _aTextos del caracol ;
_v1
650 4 _aSexismo en el lenguaje
_921150
650 0 _aLenguaje y lenguas
_xDiferencias sexuales
_923991
905 _aLibro
999 _c186280
_d186280